|
|
|
|
| LEADER |
00000naa a2200000uu 4500 |
| 001 |
vtls010933099 |
| 003 |
SK-MaSNL |
| 005 |
20260302135151.0 |
| 008 |
210824|2000 xo |||||||||||||||||eng| |
| 015 |
|
|
|a SNBRA
|
| 035 |
|
|
|a (urnnbn)urn:nbn:sk:snk:ar-a0b5hj
|
| 035 |
|
|
|a (uuid)31fb5880-501e-4b54-83ca-2f42dae984eb
|
| 035 |
|
|
|a urn:nbn:sk:snk-aatxwv
|
| 040 |
|
|
|a SNKBUCL
|b slo
|c SNKBUCL
|e AACR2
|
| 041 |
0 |
|
|a eng
|
| 044 |
|
|
|a xo
|c SK
|
| 100 |
1 |
|
|a Zolotová, Iveta,
|d 1959-
|4 aut
|9 110448
|
| 245 |
1 |
0 |
|a INTEGRATING METHODS OF ARTIFICIAL INTELLIGENCE INTO CONTROL
|c Iveta Zolotová, Lenka Landryová
|
| 700 |
1 |
|
|a Landryová, Lenka
|4 aut
|9 804492
|
| 773 |
0 |
|
|t ICCC'2000
|d Košice : Technical University, 2000, 2000
|g S. 447-450
|z 8070995106
|
| 958 |
|
|
|a OND
|
| 958 |
|
|
|a article11
|
| 958 |
|
|
|a chapter
|
| 999 |
|
|
|c 1326321
|d 1328251
|